[Event "Wch U12"]
[Site "Kemer"]
[Date "2007.11.21"]
[Round "4"]
[White "Sai, Krishna GV"]
[Black "Fu, Xiaoyong"]
[Result "1-0"]
[WhiteElo "2167"]
[BlackElo "1990"]
[PlyCount "114"]
[EventDate "2007.11.18"]
[EventType "swiss"]
[EventRounds "11"]
[EventCountry "TUR"]
[SourceTitle "CBM 121 Extra"]
[Source "ChessBase"]
[SourceDate "2008.01.10"]
[SourceVersion "1"]
[SourceVersionDate "2008.01.10"]
[SourceQuality "1"]

1. e4 e5 2. Nf3 Nc6 3. Bb5 a6 4. Ba4 Nf6 5. 0-0 Be7 6. Re1 b5 7. Bb3 d6 8. c3 0-0 9. h3 Na5 10. Bc2 c5 11. d4 Qc7 12. d5 Nc4 13. a4 Bd7 14. b3 Na5 15. Nbd2 bxa4 16. bxa4 c4 17. Ba3 Rfc8 18. Nxe5 Bxh3 19. Nxf7 Bg4 20. f3 Bh5 21. Ng5 Nxd5 22. exd5 Bxg5 23. Ne4 Bf4 24. Qd4 Rf8 25. Rab1 Qd8 26. Qf2 Bg6 27. Rb6 Qc7 28. Bb4 Nb7 29. Rc6 Qd8 30. Rxc4 Bxe4 31. Rexe4 Qg5 32. Rc7 Rae8 33. Qd4 Nc5 34. Rxc5 dxc5 35. Bxc5 Be5 36. Qd3 Qc1+ 37. Kf2 Bh2 38. Ke2 Qh1 39. Re6 Qxg2+ 40. Kd1 Qh1+ 41. Kd2 Bg3 42. Qxh7+ Qxh7 43. Bxh7+ Kxh7 44. Bxf8 Rxf8 45. Rxa6 Rc8 46. Kd3 Rf8 47. Ke3 Rc8 48. Rc6 Ra8 49. Rc4 g5 50. Ke4 Kg6 51. d6 Bxd6 52. Rc6 Rxa4+ 53. Kd3 Kf5 54. Rxd6 Ke5 55. Rg6 Kf5 56. Rc6 Ra5 57. Rc8 Re5 1-0

[Event "Wch U10"]
[Site "Belfort"]
[Date "2005.07.27"]
[Round "10"]
[White "Naroditsky, Daniel"]
[Black "Fu, Xiaoyong"]
[Result "0-1"]
[WhiteElo "1599"]
[BlackElo "1599"]
[PlyCount "104"]
[EventDate "2005.07.19"]
[EventType "swiss"]
[EventRounds "11"]
[EventCountry "FRA"]
[SourceTitle "CBM 107 Extra"]
[Source "ChessBase"]
[SourceDate "2005.09.01"]
[SourceVersion "1"]
[SourceVersionDate "2005.09.01"]
[SourceQuality "1"]

1. e4 e5 2. Nf3 Nc6 3. Bb5 a6 4. Bxc6 dxc6 5. 0-0 Qd6 6. Na3 Be6 7. Qe2 f6 8. Rd1 c5 9. c3 Bg4 10. h3 Bxf3 11. Qxf3 Ne7 12. d4 cxd4 13. cxd4 exd4 14. Bf4 Qd7 15. Qb3 0-0-0 16. Rac1 Nc6 17. Nc4 Bc5 18. Ne3 Bd6 19. Bxd6 Qxd6 20. Nd5 Rhe8 21. Qf3 Kb8 22. Nf4 Re7 23. Nd3 Ne5 24. Nxe5 Qxe5 25. Qb3 Qxe4 26. Rc4 Red7 27. Rb4 Qd5 28. Qa4 c5 29. Rb6 Ka7 30. Rb3 c4 31. Rb4 d3 32. Qa3 Qe6 33. Qc3 Rd4 34. b3 d2 35. Rxc4 Rxc4 36. bxc4 Qe2 37. Qb3 Rd3 38. Qc2 f5 39. c5 f4 40. c6 bxc6 41. Qc5+ Kb7 42. Rb1+ Kc7 43. Qa7+ Kd6 44. Qb8+ Ke7 45. Rb7+ Rd7 46. Rxd7+ Kxd7 47. Qa7+ Ke6 48. Qxg7 d1Q+ 49. Kh2 Qee1 50. Qg8+ Kd6 51. Qf8+ Kc7 52. Qxf4+ Qd6 0-1

[Event "Wch U10"]
[Site "Belfort"]
[Date "2005.07.26"]
[Round "9"]
[White "Fu, Xiaoyong"]
[Black "Bajarani, Ulvi"]
[Result "1-0"]
[WhiteElo "1599"]
[BlackElo "1599"]
[PlyCount "61"]
[EventDate "2005.07.19"]
[EventType "swiss"]
[EventRounds "11"]
[EventCountry "FRA"]
[SourceTitle "CBM 107 Extra"]
[Source "ChessBase"]
[SourceDate "2005.09.01"]
[SourceVersion "1"]
[SourceVersionDate "2005.09.01"]
[SourceQuality "1"]

1. e4 b6 2. d4 Bb7 3. Nc3 e6 4. Nf3 Bb4 5. Bd3 Bxc3+ 6. bxc3 d6 7. 0-0 Ne7 8. Be3 Nd7 9. Nd2 e5 10. f4 0-0 11. f5 Kh8 12. Qe2 Ng8 13. Rad1 Qe7 14. Rf3 g6 15. Rdf1 h6 16. Rh3 Kg7 17. g4 g5 18. Nf3 f6 19. Rh5 exd4 20. Nxd4 Nc5 21. Qg2 Rae8 22. Bd2 Qd8 23. h4 Rf7 24. hxg5 fxg5 25. Qh2 Bxe4 26. Bxg5 hxg5 27. Rh7+ Kf8 28. Rxf7+ Kxf7 29. Qh7+ Kf6 30. Bxe4 Rxe4 31. Qg6+ 1-0

[Event "Wch U10"]
[Site "Belfort"]
[Date "2005.07.25"]
[Round "7"]
[White "Abasov, Nijat Azad"]
[Black "Fu, Xiaoyong"]
[Result "0-1"]
[WhiteElo "2210"]
[BlackElo "1599"]
[PlyCount "107"]
[EventDate "2005.07.19"]
[EventType "swiss"]
[EventRounds "11"]
[EventCountry "FRA"]
[SourceTitle "CBM 107 Extra"]
[Source "ChessBase"]
[SourceDate "2005.09.01"]
[SourceVersion "1"]
[SourceVersionDate "2005.09.01"]
[SourceQuality "1"]

1. c4 e5 2. Nc3 Nf6 3. g3 d5 4. cxd5 Nxd5 5. Bg2 c6 6. Nf3 Bd6 7. 0-0 0-0 8. e4 Nxc3 9. bxc3 Bg4 10. d4 Nd7 11. h3 Bxf3 12. Bxf3 Kh8 13. Rb1 Qc7 14. Bg2 Rad8 15. f4 f6 16. Qb3 b6 17. Be3 Rde8 18. Rbd1 Rd8 19. Qc2 a5 20. Qe2 b5 21. Kh1 b4 22. cxb4 axb4 23. dxe5 fxe5 24. f5 c5 25. g4 c4 26. g5 Be7 27. Qh5 Kg8 28. f6 Bxf6 29. gxf6 Nxf6 30. Qe2 c3 31. Qc2 Qc4 32. Qb3 Qxb3 33. axb3 Rc8 34. Rc1 Rfd8 35. Bg5 Rd3 36. Rc2 Rd7 37. Ra1 Rc5 38. Rb1 Rcc7 39. Bf1 Rd4 40. Bc4+ Kh8 41. Ra1 h6 42. Be3 Rd8 43. Bc5 Rxc5 44. Ra4 Rb8 45. Bd5 Rcc8 46. Kg2 Rf8 47. Kf2 Rfc8 48. Rca2 Rb5 49. Ra8 Rxa8 50. Bxa8 Rc5 51. Rc2 Kh7 52. Kf3 Kg6 53. Bd5 Kg5 54. Kg3 0-1